Statistics for Random Minecraft Trivia Megaquiz

Click here to take the quiz!

General Stats

  • This quiz has been taken 150 times
  • The average score is 16 of 24

Answer Stats

HintAnswer% Correct
Effect that applies additional yellow heartsAbsorption
100%
Main Minecraft character / skin (female)Alex
100%
Ore which can be manufactured into netheriteAncient Debris
100%
Utility block used for combining enchanted tools, weapons and armorAnvil
100%
Fruit that occasionally drops from oak leavesApple
100%
Villager that works with blast furnaces (name the profession)Armorer
100%
Tool stronger than a swordAxe
100%
Rare biome with an abundance of gold ore generating undergroundBadlands
100%
Effect that causes an illager raidBad Omen
100%
Chest-like container which can be opened, even if there are blocks above itBarrel
100%
Biome generated where oceans meet other biomes, primarily composed of sandBeach
100%
Utility block which applies positive status effects to nearby playersBeacon
100%
Animal that is attracted to flowers and can pollinate themBee
100%
Utility block used for notifying villagers about dangerBell
100%
Nether block which can be used as a substitute for cobblestoneBlackstone
100%
Enchantment that reduces explosion damage and knockbackBlast Protection
100%
The only vehicle that can carry more than one entity at onceBoat
100%
One of two portable liquid containers in the gameBottle | Bucket
100%
Block constructed from hardened clay ballsBricks
100%
According to size one plank should give 82 of these, contrary to their crafting recipeButtons
100%
Putting this block under a beehive prevents its residents from getting aggrivatedCampfire
100%
Thin and cozy floor decorationCarpet
100%
Villager, from whom one can buy explorer maps (name the profession)Cartographer
100%
The only armor type that cannot be craftedChain
100%
Enchantment that summons a lightning bolt which strikes the targetChanneling
100%
Resource that can be obtained by smelting wood logsCharcoal
100%
Fruit that teleports the consumer a few blocks away whenever eatenChorus Fruit
100%
Villager that works with brewing stands (name the profession)Cleric
100%
Type of dirt that grass can't spread ontoCoarse Dirt
100%
Primary ingredient of cookies, grows on treesCocoa Beans
100%
Most common type of fishCod
100%
Block that converts food and plant material into bone mealComposter
100%
Hardened mixture of sand in gravel, can be coloredConcrete
100%
"Animal" which makes warm oceans very colorfulCoral
100%
Smelting stone bricks, blackstone or nether bricks will make them...Cracked
100%
Luminous variant of obsidian that can be used to craft a respawn anchorCrying Obsidian
100%
Curse that prevents manual removal of armorCurse of Binding
100%
Small flower that gives yellow dyeDandelion
100%
The only ocean variant where ocean monuments can generateDeep Ocean
100%
Rideable mob that can be equipped with a chestDonkey
100%
Block that can be used to eject items or push them into another containerDropper
100%
Zombie that lives underwater and sometimes uses a tridentDrowned
100%
Redstone improves this aspect of potionsDuration
100%
All flowers can be manufactured into this itemDye
100%
Enchantment that increases mining speedEfficiency
100%
Baking ingredinent but also a throwableEgg
100%
Boss mob that lives underwater and applies an annoying effectElder Guardian
100%
Closest equivalent of money / currency in MinecraftEmerald
100%
Sprawling, well-connected towers built from purpur and end stone bricksEnd City
100%
Type of chest whose contents can be accessed from anywhere in the worldEnder Chest
100%
The ruler of End island, killing it is the "final" objective of the gameEnder Dragon
100%
Tall monster that is able to transport certain blocksEnderman
100%
Bug that can randomly spawn when an ender pearl is thrownEndermite
100%
Valuable orb used i.a. for teleporting aroundEnder Pearl
100%
The only place where one can get an elytra and a dragon headEnd Ship
100%
Powerful mob that drops an item which allows a player to cheat deathEvoker
100%
Valuable item which can locate and open the gateway to the "final" dimensionEye of Ender
100%
Villager that works with composters (name the profession)Farmer
100%
Enchantment that reduces fall damageFeather Falling
100%
Wooden barrier block which cannot be jumped overFence
100%
Enchantment that sets target on fireFire Aspect | Flame
100%
Item used as a boost when flying with an elytraFirework Rocket
100%
Tool commonly used for catching food and treasures but can also pull entitiesFishing Rod
100%
Material that can create fire when used along with an iron ingotFlint
100%
Common biome with a lot of oak and birch treesForest
100%
Enchantment that increases certain block dropsFortune
100%
Usually buried structure made of bone blocksFossil
100%
The only ocean variant where polar bears and strays can spawnFrozen Ocean
100%
Freaky flying creature that spits out fireballs to attackGhast
100%
Transparent block manufactured from sandGlass
100%
Resource that can be obtained from large clusters hanging from the Nether roofGlowstone
100%
Resource that can be crafted into poorly durable but highly enchantable toolsGold
100%
Block affected by gravity that generates in large quantities underwaterGravel
100%
Game mode / difficulty, in which the player cannot respawn after being killedHardcore
100%
Few mobs will drop this "trophy" when killed by a charged creeper's explosionHead
100%
Rare orb used in conduits that can only be found in buried treasuresHeart of the Sea
100%
Fastest tool for harvesting hay bales, leaves and spongesHoe
100%
Sweet beverage produced by insects that inhabit forestsHoney
100%
Snow building that may have a basement hidden under carpetIgloo
100%
Material from which anvils, cauldrons and minecarts are madeIron
100%
Block manufactured from iron, forms a cage for some end crystalsIron Bars
100%
One of two items that can be hung on wallsItem Frame |
Painting
100%
Block crafted from one diamond surrounded by wooden planksJukebox
100%
Potion that can be brewed from feet of a certain animalLeaping
100%
Item that can be used to craft books and item framesLeather
100%
Utility block used for reading booksLectern
100%
Block that can provide switchable redstone powerLever
100%
Plant that floats on water surfaceLily Pad
100%
Type of potion obtainable by adding dragon's breathLingering
100%
Animal that will spit on a player or a mob that attacks itLlama
100%
Block that can be used to alter compasses to point towards itLodestone
100%
Enchantment that allows players to catch fish fasterLure
100%
Mob that drops a main ingredient of fire resistance potionsMagma Cube
100%
Villager that works with stonecutters (name the profession)Mason
100%
Enchantment that allows tools to be repaired with XP orbsMending
100%
Potion antidote provided by cowsMilk
100%
Vehicle that can only move on railsMinecart
100%
Block that singlehandedly makes dungeons dangerousMonster Spawner
100%
Offspring of a horse and a donkeyMule
100%
Decomposer that dislikes light, can grow large and makes stewMushroom
100%
Rare biome consisting of flat landscape which has mycelium as its surfaceMushroom Fields
100%
Non-craftable item that can be used for applying names to mobsName Tag
100%
Negative effect that wobbles and warps the screenNausea
100%
Towering nether brick castle divided into open-air ramparts and interior corridorsNether Fortress
100%
Material used for making the most powerful armor and tools in the gameNetherite
100%
Primary ingredient of (almost) all potionsNether Wart
100%
1/9 of an ingotNugget
100%
Block that emits a redstone signal when whatever it faces experiences a changeObserver
100%
Material formed by direct contact of water with lava, impenetrable by explosionsObsidian
100%
Collection of small underwater structures made of stone bricks or sandstoneOcean Ruins
100%
Animal that spawns in jungles and attacks chickensOcelot
100%
Tameable animal that can dance to music discsParrot
100%
Tall flower that gives pink dyePeony
100%
Undead stingray-like mob that likes to haunt insomniacsPhantom
100%
Item used to brew potions that apply a fall damage negating effectPhantom Membrane
100%
Monster that is willing to barter with a player for goldPiglin
100%
Putting one quartz block above another in the crafting grid will turn them into...Pillars
100%
Rarest natural wool color of sheepPink
100%
Dirt-type block that naturally blankets the surface of giant tree taigasPodzol
100%
Small common flower that used to be called rosePoppy
100%
Crop that has a chance to be poisonous when harvestedPotato
100%
Enchantment that increases arrow damagePower
100%
Enchantment that reduces damage from arrows and fireballsProjectile Protection
100%
Type of fish that's poisonous to consume if not brewedPufferfish
100%
Fruit that can be turned into a pie or a halloween decorationPumpkin (yes, it
is a fruit, you can
look it up)
100%
Color of stained glass which is used as windows in end citiesPurple
100%
Primary material that end cities are made from, besides from end stonePurpur
100%
The only mob that can be equipped with a saddle but can't be mounted by a playerRavager
100%
Closest equivalent of energy in MinecraftRedstone
100%
Enchantment that makes the trident launch player with itself when thrownRiptide
100%
Long water reservoir that often separates biomes from each otherRiver
100%
Chiseled version of this block has a creeper face depicted on itSandstone
100%
Relatively flat and dry biome with dull-brown grass and acacia treesSavanna
100%
Baby turtles drop this useful material when they grow upScute
100%
Block which serves a purpose of being an underwater light sourceSea Lantern
100%
Enchantment that increases damage for melee weaponsSharpness
100%
Tool that can be used for harvesting wool and plantsShears
100%
Animal that eats grass and can be dyed by a playerSheep
100%
The only piece of combat equipment that no entities but players can useShield
100%
Wooden structure resembling a sunken ship with up to three loot chestsShipwreck
100%
Tool that can make grass pathsShovel
100%
End city guard that can provide players with a portable storage itemShulker
100%
Enchantment that increases damage dealt to undead mobsSmite
100%
Utility block that can be used to upgrade diamond gear into netherite gearSmithing Table
100%
Utility block used for specifically cooking food itemsSmoker
100%
Blocky companion that melts quite easilySnow Golem
100%
Expansive, hilly biome with a huge amount of snow layersSnowy Tundra
100%
More dangerous type of fire that glows in a turquoise colorSoul Fire
100%
Mob that becomes hostile only when it's darkSpider
100%
Fermenting this item allows the player to brew most potions with negative effectsSpider Eye
100%
Type of potion obtainable by adding gunpowderSplash
100%
Block that can be used to remove water around itself when placedSponge
100%
Block capable of pushing and pulling blocks when given a redstone pulseSticky Piston
100%
Block used for crafting stone-derived blocks in precise quantitiesStonecutter
100%
Inhabitant of cold biomes that shoots slowness arrowsStray
100%
When right-clicked with an axe, log becomes...Stripped
100%
Rare underground stone brick structure containing many roomsStronghold
100%
Type of stew that inflicts a potion effect depending on what flower is used to make itSuspicious Stew
100%
Small wooden building on log stilts containing a cauldronSwamp Hut
100%
Enchantment that increases sweeping attack damageSweeping Edge
100%
Fruit that grows on spiky bushesSweet Berries
100%
Predominantly flat biome covered by a forest of spruce treesTaiga
100%
Block that produces redstone power when shot with an arrowTarget
100%
Projectile that inflicts a potion effect to the target (excluding glowing)Tipped Arrow
100%
Villager that works with smithing tables (name the profession)Toolsmith
100%
Block that produces redstone power when openedTrapped Chest
100%
Powerful weapon that can be used for both melee and ranged attacksTrident
100%
Piece of string will become this block when placed downTripwire
100%
Animals whose babies have the most predators out of all passive mobsTurtle
100%
Helmet that allows the wearer to breathe underwaterTurtle Shell
100%
Collection of houses constructed with a wide variety of materialsVillage
100%
The only mob that is scared of the nightVillager
100%
Mansion resident that fights enemies with an iron axeVindicator
100%
Decomposer that striders are attracted toWarped Fungus
100%
Monster that lives in swamps and uses potions to attackWitch
100%
Three-skulled maniac that kills almost everything in its wayWither
100%
Poisonous flower that gives black dyeWither Rose
100%
Tall fortress defender that inflicts a deadly poison to its victimsWither Skeleton
100%
Massive building that contains three floors and many roomsWoodland Mansion
100%
Zombified version of a warthog, the most aggresive mob in the gameZoglin
100%
Neutral mob that always carries a golden swordZombified Piglin
100%
Material which can be used to craft a dye or fuel for the enchantment tableLapis Lazuli
80%
Biome with an abundance of trees with a white black-spotted log and creamish planksBirch Forest
75%
One needs 45 of this item to improve their enchantment table to the fullestBook
75%
The only food item which can be placed on all solid blocksCake
75%
Ore resource which can smelt up to 8 itemsCoal
75%
Villager that works with making bows and arrows (name the profession)Fletcher
75%
Underwater creature that has thorns and hates squidsGuardian
75%
Breedable warthog-like monster that spawns in crimson forestsHoglin
75%
Dense and rare temperate biome, featuring very tall treesJungle
75%
Maze of corridors supported by wooden beams, with incomplete rail systemsMineshaft
75%
Biome characterized by flat areas around sea level and shallow pools of green waterSwamp
75%
Decorative block crafted from one stick and six blocks of woolBanner
67%
Type of igneous rock found only in the NetherBasalt
67%
Utility block used for specifically smelting oresBlast Furnace
67%
Mob that is a primary nuisance when looting abondoned mineshaftsCave Spider
67%
Result of a pig modeling mistake that is scared of catsCreeper
67%
Large building containing four loot chests in a hidden underground roomDesert Pyramid
67%
Strongest and rarest material that can be found in the OverworldDiamond
67%
Enchantment that reduces fire damage and burn timeFire Protection
67%
Strong bodyguard that takes no fall damage and can't swimIron Golem
67%
Tool made from string and slimeball, useful for handling tamed animalsLead
67%
Opaque variation of ice that can't be meltedPacked | Blue
67%
Type of rail used for controling the velocity of minecartsPowered Rail
67%
Enchantment that increases arrow knockbackPunch
67%
Block used in redstone circuits to measure certain block statesRedstone Comparator
67%
Utility block that allows players to set their spawn point in the NetherRespawn Anchor
67%
Tall flower that gives red dyeRose Bush
67%
Potion effect that fills player's hunger barSaturation
67%
Ocean variant with light blue water at the surfaceWarm Ocean
67%
If one gets lucky enough, they may start a potato or carrot farm after killing this mobZombie
67%
Enchantment that reflects some of the damage taken when hitThorns
60%
Total amount of player's inventory slots41
50%
Enchantment that increases damage dealt to spiders and insectsBane of Arthropods
50%
Gray Nether biome, said to be the remnant of ancient volcanic eruptionsBasalt Deltas
50%
Effect that secondarily disables the ability to sprint and critical hitBlindness
50%
Single hidden chest containing valuable loot that spawn in shore biomesBuried Treasure
50%
Type of enchantment that gives negative abilitiesCurse
50%
Curse that destroys items upon player's deathCurse of Vanishing
50%
Biome that is occasionally home to huge mansionsDark Forest
50%
Barren and inhospitable biome consisting mostly of sand dunesDesert
50%
Animal that can drown but also suffocate when out of water for too longDolphin
50%
Food item that comes from the sea but doesn't contain fishDried Kelp
50%
Tall structures with end crystals on top of themEnd Spike
50%
Biome that is almost overwhelming with nearly every type of plant in the gameFlower Forest
50%
Nocturnal animal that occasionally holds an item in its mouthFox
50%
Utility block that can act as a power source when put inside a minecartFurnace
50%
Type of igneous rock made from diorite and quartzGranite
50%
Overgrown cobblestone structure containing two loot chests guarded by dispensersJungle Pyramid
50%
Villager that works with cauldrons (name the profession)Leatherworker
50%
Flower that gives white dyeLily of the Valley
50%
Variety of a cow that can be found in only one biomeMooshroom
50%
Resource used for decorating, redstone components and XP farmingNether Quartz
50%
Formerly the only biome present in the NetherNether Wastes
50%
Name for an unemployed villager with a green robeNitwit
50%
Massive temple containing gold blocks and wet sponges as treasuresOcean Monument
50%
Hostile mob that wields a crossbow and raids villagesPillager
50%
Highland biome consisting of flat terrainPlateau
50%
Redstone component used for detecting entities on top of itPressure Plate
50%
Crystalline material that ocean monuments are made ofPrismarine
50%
Enchantment that makes crossbows charge fasterQuick Charge
50%
Mob that lives underwater and provides black dyeSquid
50%
Animal that defends its owner by biting the opponentsWolf
50%
Total hunger points restored by a stack of steak512
33%
Flower that gives light gray dyeAzure Bluet |
Oxeye Daisy
33%
Enormous, fortress-like blackstone structure that can generate in various formsBastion Remnant
33%
Block that is an icon for Education EditionBookshelf
33%
Passive mob that can sense invisible entitiesCat
33%
Small sandstone structure holding water in its center cavityDesert Well
33%
Decorative block made from bricks used for storing most plantsFlower Pot
33%
Phenomenon that sets fires and mutates pigsLightning
33%
Villager that works with looms (name the profession)Shepherd
25%
Total health points restored by a regeneration II potion (lasts 22 seconds)18
0%
Build height limit in Minecraft (Y coordinate)256
0%
Sea level in Minecraft (Y coordinate)63
0%
Max amount of items storable in one double chest93,366
0%
Type of rail that ejects mobs and players from minecarts that drive through itActivator Rail
0%
Small flower that gives magenta dyeAllium
0%
Type of igneous rock made from cobblestone and dioriteAndesite
0%
Enchantment that increases underwater mining speedAqua Affinity
0%
Flying passive mob that commonly spawns in cavesBat
0%
Utility block which explodes when used in foreign dimensionsBed
0%
Vegetable that can be put in soup or crafted into a dyeBeetroot
0%
Region in a world with distinct geographical featuresBiome
0%
Fortress defender that is very sensitive to waterBlaze
0%
Fuel of brewing stands but also a brewing ingredient by itselfBlaze Powder
0%
Heaviest block in the game (excluding containers and fully soaked sponges)Block of Gold
0%
Flower that gives light blue dyeBlue Orchid
0%
Product which can be used to craft a dye or as a plant fertilizerBone Meal
0%
Process of creating potions by adding various ingredients to water bottlesBrewing
0%
Villager that works with smokers (name the profession)Butcher
0%
Plant which can be used as a garbage canCactus
0%
Vegetable that can be used for brewing night vision potionsCarrot
0%
Block used for cloning, expanding, locking and zooming out mapsCartography Table
0%
The only block that can store water in the NetherCauldron
0%
Passive mob that drops an arrow crafting ingredientChicken
0%
Variation of decorative blocks crafted from slabs placed one above anotherChiseled
0%
Resource which can be smelted into either bricks or terracottaClay
0%
One of two tools powered by redstone that only work properly in the OverworldClock | Compass
0%
Block that gives effects useful for underwater adventures, powered by waterConduit
0%
Food item that is lethal to parrotsCookie
0%
Flower that gives blue dyeCornflower
0%
Decomposer that hoglins are attracted toCrimson Fungus
0%
Ranged weapon which can use fireworks as ammunitionCrossbow
0%
Block that outputs a redstone signal based on sunlightDaylight Detector
0%
The only source of wood in deserts (not counting generated structures)Dead Bush
0%
Enchantment that increases underwater movement speedDepth Strider
0%
Type of rail that always emits redstone power when a minecart is touching itDetector Rail
0%
Type of igneous rock made from cobblestone and quartzDiorite
0%
Redstone component that can shoot projectilesDispenser
0%
Small cobblestone room typically connected to underground cavesDungeon
0%
Special ability that can be applied to weapons, tools or armor, it costs experienceEnchantment
0%
Single portal block that allows players to access the outer islands in the EndEnd Gateway
0%
Biome with tall and narrow spires of colorful terracottaEroded Badlands
0%
Villager that works with barrels (name the profession)Fisherman
0%
Enchantment that turns water beneath the player into iceFrost Walker
0%
Utility block used for repairing items and tools, as well as disenchanting themGrindstone
0%
Compact way of storing one of the crops, fodder for horsesHay Bale
0%
Effect applied to a player that just defeated a raid, gives discounts on tradesHero of the Village
0%
Block used for transfering items into and out of containersHopper
0%
Rideable mob that can be equipped with armorHorse
0%
Desert zombie that doesn't burn when exposed to daylightHusk
0%
Biome that features large glaciers of packed iceIce Spikes
0%
Enchantment that increases damage dealt to ocean mobsImpaling
0%
Enchantment that causes shooting to not consume any regular arrowsInfinity
0%
Material used to make prismarine darkerInk Sac
0%
The only potion with a positive effect that is brewed using a fermented spider eyeInvisibility
0%
Biome which represents a smooth transition between jungles and other biomesJungle Edge
0%
Block used for transportation crafted from seven sticksLadder
0%
Artificial light source made from ironLantern
0%
Annoying effect that shulkers inflict with their projectilesLevitation
0%
Villager that works with lecterns (name the profession)Librarian
0%
Tall flower that gives magenta dyeLilac
0%
Utility block used for putting patterns on bannersLoom
0%
Enchantment that increases the amount of drops from mobsLooting
0%
Enchantment that makes tridents return to the thrower upon usageLoyalty
0%
Enchantment that increases rate of good loot from fishingLuck of the Sea
0%
Ocean variant whose floor is made of sand with the occasional dirt or clayLukewarm Ocean
0%
Fruit that can be used for brewing healing potionsMelon
0%
Highland biome where cliffs, valleys, waterfalls and floating islands can be foundMountains
0%
Enchantment that allows players to shoot three arrows at the cost of oneMultishot
0%
Rare variant of dirt used for planting mushroomsMycelium
0%
Shell obtainable from fishing, crafting ingredient of conduitsNautilus Shell
0%
Very valuable item that gives power to a beaconNether Star
0%
Musical block that emits sounds when powered with redstoneNote Block
0%
Nether's equivalent of dirt / grass blocksNylium
0%
Playful bamboo lover that lives in junglesPanda
0%
Enchantment that makes arrows pass through multiple entitiesPiercing
0%
Animal that turns into a monster when struck by lightningPig
0%
Rare watchtower structure where crossbow armed enemies spawnPillager Outpost
0%
Block capable of only pushing blocks and entities when given a redstone pulsePiston
0%
Flat and grassy biome with rolling hills and few oak treesPlains
0%
The fastest swimmer out of all land animalsPolar Bear
0%
Glowstone improves this aspect of potionsPotency
0%
The only animal that can naturally spawn in a desert biomeRabbit
0%
When nether wart is added to nether bricks, the block becomes...Red
0%
Chiseled version of this block has a wither depicted on itRed Sandstone
0%
Light source block which can be turned on and offRedstone Lamp
0%
Block used to restore signal in long redstone wiresRedstone Repeater
0%
Torch that emits the weakest light out of all three of its typesRedstone Torch
0%
Potion that can be brewed from tears of a Nether creatureRegeneration
0%
Enchantment that extends underwater breathing timeRespiration
0%
Thanks to this plant wood is a renewable resourceSapling
0%
Block used to help the player reach higher places, or to descend safelyScaffolding
0%
Uncommon variant of savannas with chaotic terrain and gigantic mountainsScattered Savanna
0%
Enchantment that makes mined blocks drop themselvesSilk Touch
0%
If creeper gets killed by this monster's arrow, it will drop a music discSkeleton
0%
Tiny version of this monster is the only hostile mob that can't deal damageSlime
0%
When smelted, many blocks (including stone, sandstone, quartz) become...Smooth
0%
Projectile that makes the targetted entity glowSpectral Arrow
0%
Main Minecraft character / skin (male)Steve
0%
Stone-covered biome which often appears where mountain biomes meet the oceanStone Shore
0%
The only passive mob that can be found in the NetherStrider
0%
Essential ingredient of many food itemsSugar
0%
Tall flower that is always facing the same directionSunflower
0%
The only place where sunflowers naturally generateSunflower Plains
0%
Block that players should beware of when looting desert templesTNT
0%
Flower that can have four different colorsTulip
0%
Strong ghostly monster summoned by evokersVex
0%
Plant which can be used as a ladderVines
0%
Villager that works with grindstones (name the profession)Weaponsmith
0%
Crop used for breeding several animals and baking breadWheat
0%
Resource which can be crafted from four pieces of stringWool
0%

Score Distribution

Percentile by Number Answered

Percent of People with Each Score

Your Score History

You have not taken this quiz